书目信息 |
| 题名: |
论反对派
|
|
| 作者: | 斯大林 著 ;中共中央马恩列斯著作编译局 译 | |
| 分册: | 第五分册 | |
| 出版信息: | 北京 人民出版社 1963.04 |
|
| 页数: | 301-370页 | |
| 开本: | 20cm | |
| 丛书名: | ||
| 单 册: | ||
| 中图分类: | A324 | |
| 科图分类: | ||
| 主题词: | 斯大林著作--单行本--1926~1929年 | |
| 电子资源: | ||
| ISBN: | ||
| 000 | 00631nam0 2200193 45 | |
| 001 | 0181023593 | |
| 005 | 20060728170805.57 | |
| 091 | @a1001.552 | |
| 100 | @a20810111d km y0chiy0120 ea | |
| 101 | 0 | @achi |
| 200 | 1 | @a论反对派@h第五分册@ALUN FAN DUI PAI@f斯大林著@FSi Da Lin Zhu@g中共中央马恩列斯著作编译局译 |
| 210 | @a北京@c人民出版社@d1963.04 | |
| 215 | @a301-370页@d20cm | |
| 606 | 0 | @a斯大林著作@x单行本@z1926~1929年 |
| 690 | @aA324@v3 | |
| 701 | 0 | @a斯大林@4著 |
| 712 | 02 | @a中共中央马恩列斯著作编译局@AZhong Gong Zhong Yang Ma En Lie Si Zhu ZuoBian Yi Ju@4译 |
| 801 | @aCN@bTSTC@c20060728 | |
| 905 | @dA324@e14:5@f1@b65612 | |
| 论反对派.第五分册/斯大林著/中共中央马恩列斯著作编译局译.-北京:人民出版社,1963.04 |
| 301-370页;20cm |
| ISBN : |
| ● |
| 相关链接 |
|
|
|
|
正题名:论反对派
索取号:A324/14:5
 
预约/预借
| 序号 | 登录号 | 条形码 | 馆藏地/架位号 | 状态 | 备注 |
| 1 | 0440583 | 204405839 | 密集书库/ [索取号:A324/14:5] | 在馆 |